UM Logo

Business ethics and corporate social responsibility/ (Record no. 1916)

MARC details
000 -LEADER
fixed length control field 00471nam a22001457a 4500
008 - FIXED-LENGTH DATA ELEMENTS--GENERAL INFORMATION
fixed length control field 160420b xxu||||| |||| 00| 0 eng d
020 ## - INTERNATIONAL STANDARD BOOK NUMBER
International Standard Book Number 978-971-27-1962-2
082 ## - DEWEY DECIMAL CLASSIFICATION NUMBER
Edition number 2007
Classification number DFil 174.4
Item number M45b
100 ## - MAIN ENTRY--PERSONAL NAME
9 (RLIN) 6126
Personal name Maximiano, Jose Mario B.
245 ## - TITLE STATEMENT
Title Business ethics and corporate social responsibility/
Statement of responsibility, etc. Jose Mario B. Maximiano.
260 ## - PUBLICATION, DISTRIBUTION, ETC. (IMPRINT)
Place of publication, distribution, etc. Pasig City:
Name of publisher, distributor, etc. Anvil,
Date of publication, distribution, etc. c2007.
300 ## - PHYSICAL DESCRIPTION
Extent xxvi, 232 pages;
Dimensions 22 cm.
650 #0 - SUBJECT ADDED ENTRY--TOPICAL TERM
9 (RLIN) 6127
Topical term or geographic name as entry element Business ethics.
942 ## - ADDED ENTRY ELEMENTS (KOHA)
Source of classification or shelving scheme Dewey Decimal Classification
Koha item type Filipiniana
Holdings
Withdrawn status Lost status Source of classification or shelving scheme Damaged status Not for loan Collection code Home library Current library Date acquired Source of acquisition Total Checkouts Full call number Barcode Date last seen Copy number Cost, replacement price Price effective from Koha item type
    Dewey Decimal Classification     Filipiniana UM Digos College - LIC UM Digos College - LIC 10/24/2008 Purchased   DFil 174.4 M45b 2007 19862 05/15/2025 2 528.00 04/20/2016 Filipiniana
    Dewey Decimal Classification     Filipiniana UM Digos College - LIC UM Digos College - LIC 10/24/2008 Purchased   DFil 174.4 M45b 2007 19861 05/15/2025 1   04/25/2016 Filipiniana